Statistics for Nice to Meet Ya - Niall Horan (Lyrics)

Click here to take the quiz!

General Stats

  • This quiz has been taken 10 times
  • The average score is 214 of 279

Answer Stats

% Correct
a
100%
arm
100%
around
100%
be
100%
'Cause
100%
come
100%
comes
100%
disappear
100%
Every
100%
every
100%
( | [Chorus]( | [Verse 1] | +2 othersI
100%
in
100%
ink
100%
know
100%
me
100%
morning
100%
my
100%
number
100%
on
100%
swear
100%
tattooed
100%
the
100%
there
100%
time
100%
to
100%
To
100%
turn
100%
want
100%
what
100%
when
100%
won't
100%
You
100%
you
100%
your
100%
drink
80%
like
80%
meet
80%
name
80%
Nice
80%
so
80%
talk
80%
things
80%
wanna
80%
way
80%
what's
80%
ya
80%
you're
80%
And
60%
blow
60%
la
60%
Let
60%
mer
60%
mind
60%
treat
60%
wear
60%
for
40%
gone
40%
j'adore
40%
just
40%
next
40%
take
40%
with
40%
all
20%
minute
20%
need
20%
night
20%
one
20%
[Bridge]One
20%
somewhere
20%
waiting
20%
warm
20%
Been
0%
been
0%
gonna
0%
got
0%
I'm
0%
love
0%
now
0%
Where
0%

Score Distribution

Percentile by Number Answered

Percent of People with Each Score

Your Score History

You have not taken this quiz